| Tag |
First Indicator |
Second Indicator |
Subfields |
| LEADER |
00000cgm a2200000 i 4500 |
| 001 |
in00005514721 |
| 006 |
m o c |
| 007 |
vz |za|u| |
| 007 |
cr |za|||||||| |
| 008 |
190122s2019 enk--- f o vleng d |
| 005 |
20241105202936.2 |
| 035 |
|
|
|a (OCoLC)on1091277500
|
| 040 |
|
|
|a SGPBL
|b eng
|e rda
|e pn
|c SGPBL
|d OCLCF
|d OCLCO
|d AGL
|d OCLCO
|d OCLCQ
|d OCLCO
|d OCLCL
|d OCLCQ
|
| 020 |
|
|
|a 9781526488589
|q (streaming video)
|
| 020 |
|
|
|a 1526488582
|
| 035 |
|
|
|a (OCoLC)1091277500
|
| 041 |
0 |
|
|j eng
|
| 050 |
|
4 |
|a GE45.D37
|b A73 2019
|
| 070 |
0 |
|
|a GE45.D37
|b A73 2019
|
| 082 |
0 |
4 |
|a 363.700285
|2 23
|
| 049 |
|
|
|a TXAM
|
| 245 |
0 |
0 |
|a Archiving, managing & analyzing high volumes of environmental data :
|b CEDA.
|
| 246 |
3 |
|
|a Archiving, managing and analyzing high volumes of environmental data
|
| 264 |
|
1 |
|a London :
|b SAGE Publications Ltd,
|c 2019.
|
| 300 |
|
|
|a 1 online resource (1 video file (00:15:11)) :
|b sound, colour
|
| 336 |
|
|
|a two-dimensional moving image
|b tdi
|2 rdacontent
|
| 337 |
|
|
|a computer
|b c
|2 rdamedia
|
| 337 |
|
|
|a video
|b v
|2 rdamedia
|
| 338 |
|
|
|a online resource
|b cr
|2 rdacarrier
|
| 511 |
0 |
|
|a Speaker, Victoria Bennett, speaker, Hugh Mortimer, and Academic, Tim Wright PhD.
|
| 520 |
8 |
|
|a Victoria Bennett, division head STFC CEDA, and Hugh Mortimer, research scientist at STFC RAL Space, explain how environmental scientists have access to unprecedented volumes of Earth observations and satellite data through CEDA's data archives and the JASMIN facility. Professor and director of COMET at the University of Leeds, Tim Wright, provides examples showing how some of this data is being used to analyze earthquake hazards.
|
| 546 |
|
|
|a Closed-captions in English.
|
| 588 |
|
|
|a Description based on XML content.
|
| 650 |
|
0 |
|a Environmental sciences
|x Data processing.
|
| 650 |
|
0 |
|a Earthquake hazard analysis.
|
| 650 |
|
0 |
|a Remote sensing.
|
| 650 |
|
0 |
|a Artificial satellites.
|
| 650 |
|
0 |
|a Data transmission systems.
|
| 650 |
|
6 |
|a Sciences de l'environnement
|x Informatique.
|
| 650 |
|
6 |
|a Risques sismiques.
|
| 650 |
|
6 |
|a Télédétection.
|
| 650 |
|
6 |
|a Satellites artificiels.
|
| 650 |
|
7 |
|a artificial satellites.
|2 aat
|
| 650 |
|
7 |
|a remote sensing.
|2 aat
|
| 650 |
|
7 |
|a Artificial satellites
|2 fast
|
| 650 |
|
7 |
|a Data transmission systems
|2 fast
|
| 650 |
|
7 |
|a Earthquake hazard analysis
|2 fast
|
| 650 |
|
7 |
|a Environmental sciences
|x Data processing
|2 fast
|
| 650 |
|
7 |
|a Remote sensing
|2 fast
|
| 700 |
1 |
|
|a Bennett, Victoria,
|d active 2019,
|e on-screen presenter.
|
| 700 |
1 |
|
|a Mortimer, Hugh,
|e on-screen presenter.
|
| 700 |
1 |
|
|a Wright, T. J.
|q (Tim J.),
|e on-screen presenter.
|1 https://id.oclc.org/worldcat/entity/E39PCjJ3rRx6Km6QkbThCX7yMK
|
| 856 |
4 |
0 |
|u http://proxy.library.tamu.edu/login?url=https://methods.sagepub.com/video/archiving-managing-and-analyzing-high-volumes-of-environmental-data-ceda
|z Connect to this streaming video
|t 0
|
| 936 |
|
|
|a BATCHLOAD
|
| 955 |
|
|
|a SAGE Research Methods Video Data Science, Big Data Analytics, and Digital Methods
|
| 994 |
|
|
|a 92
|b TXA
|
| 999 |
f |
f |
|s 674a6d8f-a70f-40c9-a8e6-683e59fc77a0
|i b436bf1a-10d0-4781-bd79-9d7cf96a4e1c
|t 0
|
| 952 |
f |
f |
|a Texas A&M University
|b College Station
|c Electronic Resources
|d Available Online
|t 0
|e GE45.D37 A73 2019
|h Library of Congress classification
|
| 998 |
f |
f |
|a GE45.D37 A73 2019
|t 0
|l Available Online
|